000
00314nam a22001337a 4500
999
_c
15429
_d
15429
020
_a
9788126531356
082
_a
510
_b
KRE/AD
100
_a
Kreyszig,erwin
_9
1234
245
_a
Advanced engineering mathematics
250
_a
9th ed.
260
_a
New delhi:
_b
Wiley india ltd,
_c
2013
300
_a
122
942
_c
BBS